Prístupy k hodnoteniu konvergencie vo svetovom hospodárstve: uplatnenie relatívnej konvergencie pre komparáciu príjmov rozvojových a rozvinutých krajín

Porovnanie vývoja príjmov v skupine krajín OECD a rozvojových krajín. Rôzne metódy a prístupy k hodnoteniu konvergentných a divergentných tendencií vo svetovom hospodárstve. Uplatnenie prístupu relatívnej konvergencie, ktorý je jedným z najrozšírenejších v oblasti rozvojovej ekonomiky. Grafická anal...

Description complète

Enregistré dans:
Détails bibliographiques
Auteur principal: Kunychka, Mykhaylo, 1990-
Format: Chapitre de livre
Langue:slovaque
Sujets:
Tags: Ajouter un tag
Pas de tags, Soyez le premier à ajouter un tag!

MARC

LEADER 00000nla a2200000 4500
001 0241529
005 20240502073932.0
041 0 |a slo 
044 |a SK 
245 1 0 |a Prístupy k hodnoteniu konvergencie vo svetovom hospodárstve: uplatnenie relatívnej konvergencie pre komparáciu príjmov rozvojových a rozvinutých krajín  |c Mykhaylo Kunychka 
520 |a Porovnanie vývoja príjmov v skupine krajín OECD a rozvojových krajín. Rôzne metódy a prístupy k hodnoteniu konvergentných a divergentných tendencií vo svetovom hospodárstve. Uplatnenie prístupu relatívnej konvergencie, ktorý je jedným z najrozšírenejších v oblasti rozvojovej ekonomiky. Grafická analýza vytvorených skupín, na základe ktorej je možné konšatovať relatívnu konvergenciu bohatých a rozvojových štátov. 
610 2 0 |a konvergencia 
610 2 0 |a divergencia 
610 2 0 |a krajiny vyspelé 
610 2 0 |a krajiny rozvojové 
610 2 0 |a bohatstvo 
610 2 0 |a chudoba 
610 2 0 |a príjmy 
100 1 |a Kunychka, Mykhaylo, 1990-